العين عند المصرى القديم :‪‪‪ دراسة لغوية و أثرية /‪‪‪

محفوظ في:

المؤلف الرئيسي: مسعود، منال أحمد إبراهيم،‪‪ (مؤلف)

التنسيق: أطروحة كتاب

اللغة: Arabic

الموضوعات:

الوسوم: إضافة وسم

لا توجد وسوم, كن أول من يضع وسما على هذه التسجيلة!

رقم الطلب: Diss.,72 1996

LEADER 01177nam a2200229Ia 4500
005 20200322150747.0
008 130303t1996 xx f m 000 0 ara d
043 |a f-ua--- 
050 |a Diss.,72 1996 
100 1 |a مسعود، منال أحمد إبراهيم،‪‪  |e author.  |9 43015 
245 1 2 |a العين عند المصرى القديم :‪‪‪  |b دراسة لغوية و أثرية /‪‪‪  |c منال أحمد إبراهيم مسعود.‪‪‪ 
264 1 |c 1996. 
300 |a 1 مجلد ؛‪‪‪‪‪‪‪‪‪‪‪‪‪‪‪‪‪  |c 28 سم.‪‪‪‪‪‪‪‪‪‪‪‪‪‪‪‪‪ 
336 |a text  |b txt  |2 rdacontent 
337 |a unmediated  |b n  |2 rdamedia 
338 |a volume  |b nc  |2 rdacarrier 
502 |a أطروحة (ماجستير) -- جامعة الإسكندرية، كلية الآداب، 1996‪.‪‪ 
650 4 |a الآثار المصرية القديمة.‪‪‪‪‪‪ 
650 4 |a العلوم الاجتماعية‪‪  |z مصر القديمة.‪‪ 
952 |0 0  |1 0  |2 lcc  |4 0  |7 1  |9 26484  |a ARCE  |b ARCE  |d 2022-01-25  |l 0  |o Diss.,72 1996  |p 1037730  |r 2022-01-25 00:00:00  |w 2022-01-25  |y THESES 
999 |c 23361  |d 23361 
942 |c THESES  |2 lcc